À quel catcheur de la WWE appartient cette bouche ? - Statistiques

Statistiques générales
  • Ce quiz a été pris 186 fois
  • Le résultat moyen est 7 sur 28
Statistiques - réponses
Par images Réponse % Correct
Goldberg
85%
Yokozuna
58%
Iron Sheik
56%
Natalya
52%
Chris Jericho
47%
Stephanie McMahon
46%
Matt Hardy
44%
Festus
39%
Jerry Lawler
35%
Tommy Dreamer
28%
Vickie Guerrero
28%
Kofi Kingston
26%
JBL
25%
Layla
23%
Jim Neidhart
21%
Alex Riley
17%
Kelly Kelly
16%
Finlay
15%
Shad Gaspard
15%
Wade Barrett
15%
Tyson Kidd
11%
Mr. Kennedy
8%
Ryback
8%
Justin Gabriel
6%
Kaval
6%
David Hart Smith
5%
Tyler Reks
4%
Yoshi Tatsu
2%
Aucun quiz correspondant
Distribution des résultats
% des personnes avec chaque résultat
Percentile par nombre de réponses
Votre historique - résultats
Vous n’avez pas pris ce quiz